| 000 | 00454nam a22001337a 4500 | ||
|---|---|---|---|
| 082 | _aBICSE-8 BIL | ||
| 100 |
_aMuhammad Bilal Arif _992464 |
||
| 245 | _aRailroad track monitoring system using wireless sensor networks | ||
| 260 |
_aIslamabad _bNUST-SEECS _c2014 |
||
| 500 | _aSupervisor: Dr. Hassan Khaliq Qureshi | ||
| 700 |
_aMuhammad Bilal Arif, Usman Anwar _992465 |
||
| 856 | _uhttp://10.250.8.41:8080/xmlui/handle/123456789/10731 | ||
| 942 |
_cPR _2ddc |
||
| 999 |
_c12968 _d12968 |
||